000
00216 a2200097 4500
001
27572
100
_a
Vanderhilt, M
245
_a
Matrix structural analysis
260
_a
_b
Quantum pub
_c
1974
090
_c
18359
_d
18359
942
_a
NUST-CAE
_c
M
_c
9290
999
_c
262645
_d
262645